[Event "American Continental 16th"]
[Site "San Salvador"]
[Date "2022.05.06"]
[Round "6"]
[White "Rugamas, Camila"]
[Black "Rivera, Omar"]
[Result "0-1"]
[WhiteElo "1117"]
[BlackElo "1471"]
[PlyCount "70"]
[EventDate "2022.05.02"]
[EventType "swiss"]
[EventRounds "11"]
[EventCountry "ESA"]
[SourceTitle "CBM 208 Extra"]
[Source "ChessBase"]
[SourceDate "2022.07.31"]
[SourceVersion "1"]
[SourceVersionDate "2022.07.31"]
[SourceQuality "1"]

1. Nf3 d5 2. g3 Nf6 3. Bg2 Nc6 4. d3 e5 5. Nbd2 Bd6 6. 0-0 0-0 7. e4 dxe4 8. dxe4 Bg4 9. Re1 Qd7 10. Nc4 Qe6 11. Qd3 Bc5 12. Bg5 Rad8 13. Qc3 Bb4 14. Qb3 Bxe1 15. Rxe1 Bxf3 16. Bxf3 Nd4 17. Qc3 Nxf3+ 18. Qxf3 Qxc4 19. Bxf6 gxf6 20. Qxf6 Qe6 21. Qg5+ Kh8 22. Re3 Rg8 23. Qh5 Rde8 24. Rf3 Qg6 25. Qh3 Rd8 26. Rf5 Qg4 27. Qh6 Rd1+ 28. Kg2 Qxe4+ 29. Rf3 Rg1+ 30. Kxg1 Qxf3 31. Qh4 f6 32. Qh6 Rd8 33. Qc1 Rd1+ 34. Qxd1 Qxd1+ 35. Kg2 Qxc2 0-1

[Event "American Continental 16th"]
[Site "San Salvador"]
[Date "2022.05.04"]
[Round "4"]
[White "Rugamas, Camila"]
[Black "Nuila, Katherine"]
[Result "1-0"]
[WhiteElo "1117"]
[BlackElo "1354"]
[PlyCount "73"]
[EventDate "2022.05.02"]
[EventType "swiss"]
[EventRounds "11"]
[EventCountry "ESA"]
[SourceTitle "CBM 208 Extra"]
[Source "ChessBase"]
[SourceDate "2022.07.31"]
[SourceVersion "1"]
[SourceVersionDate "2022.07.31"]
[SourceQuality "1"]

1. Nf3 d5 2. g3 e6 3. Bg2 f5 4. d3 h6 5. Nbd2 Nf6 6. 0-0 Bd6 7. Re1 f4 8. e4 fxe3 9. Rxe3 0-0 10. c4 c6 11. Re1 Na6 12. cxd5 exd5 13. Nh4 Ng4 14. Ndf3 Nf6 15. Ng6 Re8 16. Nfh4 Bd7 17. Bd2 Qb6 18. Qc1 Rxe1+ 19. Bxe1 Be8 20. Bc3 Ng4 21. d4 Qc7 22. Bh3 Bxg6 23. Nxg6 Qf7 24. Qc2 Nf6 25. Re1 Ne4 26. Ne5 Bxe5 27. dxe5 Rf8 28. f4 h5 29. e6 Qe7 30. f5 Qc5+ 31. Kg2 Nc7 32. b4 Qc4 33. Re3 Nb5 34. e7 Re8 35. f6 Nbxc3 36. Be6+ Kh8 37. f7 1-0

[Event "American Continental 16th"]
[Site "San Salvador"]
[Date "2022.05.03"]
[Round "3"]
[White "Guevara Ruiz, Marvin Andres"]
[Black "Rugamas, Camila"]
[Result "1-0"]
[WhiteElo "1639"]
[BlackElo "1117"]
[PlyCount "79"]
[EventDate "2022.05.02"]
[EventType "swiss"]
[EventRounds "11"]
[EventCountry "ESA"]
[SourceTitle "CBM 208 Extra"]
[Source "ChessBase"]
[SourceDate "2022.07.31"]
[SourceVersion "1"]
[SourceVersionDate "2022.07.31"]
[SourceQuality "1"]

1. e4 d6 2. d4 g6 3. Nc3 Nf6 4. f3 Bg7 5. Be3 Nbd7 6. Qd2 h6 7. Bc4 Nb6 8. Bb3 h5 9. Nge2 a5 10. a4 Bd7 11. 0-0-0 e5 12. dxe5 dxe5 13. Bg5 c5 14. Qd3 Rc8 15. Bc4 0-0 16. Bb5 c4 17. Qe3 Re8 18. Rd6 Re6 19. Rhd1 Qc7 20. Qxb6 Rxd6 21. Qxd6 Qxd6 22. Rxd6 Bxb5 23. Nxb5 Nh7 24. Rd8+ Rxd8 25. Bxd8 Bh6+ 26. Kb1 f5 27. Nd6 fxe4 28. fxe4 Kf8 29. Nxc4 Ke8 30. Bxa5 Bg7 31. Nd6+ Ke7 32. Nxb7 Nf6 33. Bd8+ Ke6 34. a5 Nxe4 35. a6 Nd2+ 36. Ka2 Nc4 37. a7 e4 38. c3 Be5 39. g3 Kd7 40. a8Q 1-0

[Event "American Continental 16th"]
[Site "San Salvador"]
[Date "2022.05.03"]
[Round "2"]
[White "Leal Licon, Daniel Isai"]
[Black "Rugamas, Camila"]
[Result "1-0"]
[WhiteElo "1705"]
[BlackElo "1117"]
[PlyCount "85"]
[EventDate "2022.05.02"]
[EventType "swiss"]
[EventRounds "11"]
[EventCountry "ESA"]
[SourceTitle "EXT 2023"]
[Source "ChessBase"]
[SourceDate "2022.10.05"]
[SourceVersion "1"]
[SourceVersionDate "2022.10.05"]
[SourceQuality "1"]

1. e4 d6 2. d4 Nf6 3. Nc3 g6 4. Be3 Bg7 5. Nf3 0-0 6. h3 h5 7. Qd2 Re8 8. Bh6 Bh8 9. Be2 Nbd7 10. g4 e5 11. Bg5 exd4 12. Nxd4 c5 13. Ndb5 Qb6 14. Nxd6 Re6 15. Nc4 Qc6 16. f3 Ne5 17. Bxf6 Nxc4 18. Bxc4 Rxf6 19. Nd5 Re6 20. gxh5 b5 21. Be2 Bxb2 22. Rb1 Ba3 23. hxg6 fxg6 24. Rg1 Kh7 25. Qf4 Kg7 26. Bxb5 Qb7 27. Qc7+ Qxc7 28. Nxc7 Bb4+ 29. Ke2 Rb6 30. Nxa8 Rxb5 31. a3 Rb8 32. Nc7 Rb7 33. Ne8+ Kf8 34. Nd6 Rd7 35. Nxc8 Rd2+ 36. Ke3 Bc3 37. Rb3 Rxc2 38. Kd3 Bd4 39. Kxc2 Bxg1 40. Rb7 Kg8 41. Rxa7 c4 42. Kc3 Bxa7 43. Nxa7 1-0

[Event "American Continental 16th"]
[Site "San Salvador"]
[Date "2022.05.02"]
[Round "1"]
[White "Rugamas, Camila"]
[Black "Perez Salazar, Armando"]
[Result "0-1"]
[WhiteElo "1117"]
[BlackElo "1978"]
[PlyCount "118"]
[EventDate "2022.05.02"]
[EventType "swiss"]
[EventRounds "11"]
[EventCountry "ESA"]
[SourceTitle "CBM 208 Extra"]
[Source "ChessBase"]
[SourceDate "2022.07.31"]
[SourceVersion "1"]
[SourceVersionDate "2022.07.31"]
[SourceQuality "1"]

1. Nf3 c5 2. g3 Nc6 3. Bg2 g6 4. 0-0 Bg7 5. d3 e6 6. Nbd2 Nge7 7. e4 0-0 8. Re1 d5 9. e5 Qc7 10. Qe2 b6 11. Nf1 Ba6 12. Bf4 Nf5 13. c3 Rae8 14. Qd2 Qe7 15. Ne3 Nxe3 16. Qxe3 f6 17. d4 cxd4 18. cxd4 Nb4 19. Rec1 fxe5 20. Bxe5 Bxe5 21. Nxe5 Rc8 22. Qa3 Bc4 23. b3 Bb5 24. Bf1 Bxf1 25. Kxf1 Rxc1+ 26. Rxc1 Rxf2+ 27. Kg1 Rxa2 28. Rc8+ Kg7 29. Qc1 Na6 30. Nc6 Qf6 31. Qf4 Qxf4 32. gxf4 Rb2 33. Ra8 Rc2 34. Rxa7+ Kh6 35. Ne5 Nc7 36. h4 Kh5 37. Nf3 Kg4 38. Ne1 Rc3 39. Ra2 Nb5 40. Rg2+ Kxf4 41. Rf2+ Ke4 42. Re2+ Re3 43. Rxe3+ Kxe3 44. Nc2+ Kd2 45. Nb4 Nxd4 46. Kf2 Nxb3 47. Na6 e5 48. Nc7 d4 49. Na8 e4 50. Nxb6 e3+ 51. Kf1 e2+ 52. Kf2 e1Q+ 53. Kg2 Qe4+ 54. Kg3 d3 55. Kh3 Ke2 56. Kg3 Nd2 57. Kh3 Qf3+ 58. Kh2 Kf2 59. Nc4 Nf1# 0-1